Mammon or The hardships of an heiress / (Record no. 154665)

MARC details
000 -LEADER
campo de control de longitud fija 00791nam a22002295i 4500
001 - NÚMERO DE CONTROL
campo de control 154665
003 - IDENTIFICADOR DE NÚMERO DE CONTROL
campo de control ES-MaACL
005 - FECHA Y HORA DE LA ÚLTIMA TRANSACCIÓN
campo de control 20230906205819.0
008 - DATOS DE LONGITUD FIJA--INFORMACIÓN GENERAL
campo de control de longitud fija 040715s1855 gw |||| | eng d
040 ## - FUENTE DE CATALOGACIÓN
Centro catalogador/agencia de origen CAM
Lengua de catalogación spa
Centro/agencia transcriptor CAM
100 1# - ENTRADA PRINCIPAL--NOMBRE DE PERSONA
Nombre de persona Gore, Catherine Grace Frances.
9 (RLIN) 127476
245 10 - MENCIÓN DEL TÍTULO
Título Mammon or The hardships of an heiress /
Mención de responsabilidad, etc. by Mrs. Gore.
260 ## - PUBLICACIÓN, DISTRIBUCIÓN, ETC.
Lugar de publicación, distribución, etc. Leipzig :
Nombre del editor, distribuidor, etc. Bernhard Tauchnitz,
Fecha de publicación, distribución, etc. 1855.
300 ## - DESCRIPCIÓN FÍSICA
Extensión 2 v. (339 ; 331 p.) ;
Dimensiones 16 cm.
490 1# - MENCIÓN DE SERIE
Mención de serie Collection of british authors ;
Designación de volumen o secuencia 316 ; 317
650 #4 - PUNTO DE ACCESO ADICIONAL DE MATERIA--TÉRMINO DE MATERIA
Término de materia o nombre geográfico como elemento de entrada Novela inglesa.
9 (RLIN) 137408
740 41 - ENTRADA AGREGADA--TÍTULO RELACIONADO/ANALÍTICO NO CONTROLADO
Título relacionado o analítico no controlado The hardships of an heiress.
752 ## - ENTRADA AGREGADA--NOMBRE JERÁRQUICO DEL LUGAR
País o entidad superior Alemania -
Ciudad Leipzig
830 0# - PUNTO DE ACCESO ADICIONAL DE SERIE-TÍTULO UNIFORME
Título uniforme Collection of british authors ;
Designación de volumen o secuencia 316 ; 317
9 (RLIN) 180703
852 ## - LOCALIZACIÓN
Ubicación ES-MaACL
Número de control de estantería , G-12446
Nota libre -- Enc. hol.
-- -- Enc. 2 t. en 1 v.
Holdings
Estatus retirado Estado de pérdida Estado de daño No para préstamo Colección Biblioteca de origen Biblioteca actual Ubicación en estantería Fecha de adquisición Fuente de adquisición Total de préstamos Signatura topográfica completa Código de barras Visto por última vez Precio de reemplazo Tipo de ítem Koha
        Libros del s. XIX Biblioteca del Ateneo de Madrid Biblioteca del Ateneo de Madrid Sala Pecera Planta 3 17/01/2008     G-12446 1161768 23/02/2023 23/02/2023 Libro impreso antiguo